000 00333nam a2200133Ia 4500
008 240624s9999 xx 000 0 und d
041 _aeng
082 _a332 SOR
100 _aSOROS GEORGE
245 _aALCHEMY OF FINANCE
260 _c2003
_aNew Jersey
_bJohn Wiley and Sons
300 _axx, : 391 : p. : cm. ; 23
365 _c
_b30
999 _c19021
_d19021